000 00750nam0a22002771 4500
001 rc\398484
005 20250621072115.0
010 _a5-7534-0166-4
_915000
035 _a(NLR Aleph) 005647455
090 _a6734619
_c6734619
100 _a20030616d1989 |||y0rusy50 ca
101 0 _arus
102 _aRU
105 _ay |||||||||
200 1 _aРусско-осетинский разговорник
205 _a4-е изд.
210 _aОрджоникидзе
_cИр
_d1989
215 _a187, [1] с.
_d15
700 1 _aТоказов
_bХ.А.
_gХарум Алиханович
801 0 _aRU
_bNLR
_gpsbo
801 1 _aRU
_bELAR
_2rusmarc
852 _aNLR
_bОНЛ
852 _aNLR
_jОНЛ
942 _cBOOK
980 _aNB